LEADER 03216nam 22006613u 450 001 9910465549603321 005 20210813023350.0 010 $a0-19-971810-5 010 $a9786611342043 010 $a1-4356-5680-6 010 $a1-281-34204-1 035 $a(CKB)2560000000300397 035 $a(EBL)415735 035 $a(OCoLC)437094718 035 $a(SSID)ssj0000240457 035 $a(PQKBManifestationID)11208756 035 $a(PQKBTitleCode)TC0000240457 035 $a(PQKBWorkID)10266133 035 $a(PQKB)10187614 035 $a(StDuBDS)EDZ0000024386 035 $a(MiAaPQ)EBC415735 035 $a(EXLCZ)992560000000300397 100 $a20151123d2014|||| u|| | 101 0 $aeng 135 $aur|n|---||||| 181 $ctxt 182 $cc 183 $acr 200 10$aSacred power, sacred space $ean introduction to Christian architecture and worship /$fJeanne Halgren Kilde 210 $aNew York ;$aOxford $cOxford University Press$d2008 215 $a1 online resource (249 p.) 300 $aDescription based upon print version of record. 311 $a0-19-531469-7 311 $a0-19-985186-7 320 $aIncludes bibliographical references and index. 327 $aContents; Illustrations; 1. A Method for Thinking about Power Dynamics in Christian Space; 2. Early Christian Meeting Space in the Roman Empire; 3. Imperial Power in Constantinian and Byzantine Churches; 4. From Abbey to Great Church, Fortress to Heavenly City; 5. Transformations of the Renaissance and Reformation; 6. Formalism and Non-or Antiformalism in Worship and Architecture; 7. Historicism, Modernism, and Space; 8. Concluding Observations; Notes; Glossary of Architectural Terms; A; B; C; D; E; F; G; H; I; L; M; N; O; P; R; S; T; V; Index; A; B; C; D; E; F; G; H; I; J; K; L; M; N; O; P 327 $aQR; S; T; U; V; W; Z 330 $aJeanne Halgren Kilde's survey of church architecture is unlike any other. Her main concern is not the buildings themselves, but rather the dynamic character of Christianity and how church buildings shape and influence the religion. Kilde argues that a primary function of church buildings is to represent and reify three different types of power: divine power, or ideas about God; personal empowerment as manifested in the individual's perceived relationship to the divine; and social power, meaning the relationships between groups such as clergy and laity. Each type intersects with notions of Chri 606 $aLiturgy and architecture 606 $aLiturgy and architecture$xHistory 606 $aChurch architecture$xHistory 606 $aArchitecture$2HILCC 606 $aArt, Architecture & Applied Arts$2HILCC 608 $aElectronic books. 615 4$aLiturgy and architecture. 615 0$aLiturgy and architecture$xHistory 615 0$aChurch architecture$xHistory 615 7$aArchitecture 615 7$aArt, Architecture & Applied Arts 676 $a246.909 700 $aKilde$b Jeanne Halgren$f1957-$0868467 801 0$bAU-PeEL 801 1$bAU-PeEL 801 2$bAU-PeEL 906 $aBOOK 912 $a9910465549603321 996 $aSacred power, sacred space$91938661 997 $aUNINA LEADER 03532oam 2200673I 450 001 9910975159803321 005 20251116221003.0 010 $a1-135-23185-0 010 $a1-135-23186-9 010 $a1-283-04543-5 010 $a9786613045430 010 $a0-203-87178-2 024 7 $a10.4324/9780203871782 035 $a(CKB)2560000000059909 035 $a(EBL)646541 035 $a(OCoLC)707067605 035 $a(SSID)ssj0000468511 035 $a(PQKBManifestationID)12164309 035 $a(PQKBTitleCode)TC0000468511 035 $a(PQKBWorkID)10506930 035 $a(PQKB)10762652 035 $a(MiAaPQ)EBC646541 035 $a(Au-PeEL)EBL646541 035 $a(CaPaEBR)ebr10452532 035 $a(CaONFJC)MIL304543 035 $a(OCoLC)710992738 035 $a(EXLCZ)992560000000059909 100 $a20180706d2010 uy 0 101 0 $aeng 135 $aur|n|---||||| 181 $ctxt 182 $cc 183 $acr 200 12$aA disturbance in the field $eessays in transference-countertransference engagement /$fSteven H. Cooper 205 $a1st ed. 210 1$aNew York :$cRoutledge,$d2010. 215 $a1 online resource (250 p.) 225 1 $aRelational perspectives book series ;$vv. 46 300 $aDescription based upon print version of record. 311 08$a0-415-80629-1 311 08$a0-415-80628-3 320 $aIncludes bibliographical references and index. 327 $aBook Cover; Title; Copyright; Contents; Acknowledgments; Chapter 1 Introduction: The romance and melancholia of loving psychoanalysis; Chapter 2 The grandiosity of self-loathing: Transference-countertransference dimensions; Chapter 3 Privacy, reverie, and the analyst's ethical imagination; Chapter 4 The analyst's experience of being a transference object: An elusive form of countertransference to the psychoanalytic method?; Chapter 5 The analyst's anticipatory fantasies: Aid and obstacle to the patient's self-integration; Chapter 6 Psychoanalytic process: Clinical and political dimensions 327 $aChapter 7 Good enough vulnerability, victimization, and responsibility: Why one-and two-person models need one anotherChapter 8 The new bad object and the therapeutic action of psychoanalysis; Chapter 9 Franz Alexander's corrective emotional experience reconsidered; Chapter 10 Working through and working within: The continuity of enactment in the termination process; References; Index 330 $aThe field, as Steven Cooper describes it, is comprised of the inextricably related worlds of internalized object relations and interpersonal interaction. Furthermore, the analytic dyad is neither static nor smooth sailing. Eventually, the rigorous work of psychoanalysis will offer a fraught opportunity to work through the most disturbing elements of a patient's inner life as expressed and experienced by the analyst - indeed, a disturbance in the field. How best to proceed when such tricky yet altogether common therapeutic situations arise, and what aspects of transference/countertransferenc 410 0$aRelational perspectives book series ;$vv. 46. 606 $aTransference (Psychology) 606 $aPsychoanalysis 615 0$aTransference (Psychology) 615 0$aPsychoanalysis. 676 $a616.89/17 700 $aCooper$b Steven H.$f1951-$01875825 801 0$bMiAaPQ 801 1$bMiAaPQ 801 2$bMiAaPQ 906 $aBOOK 912 $a9910975159803321 996 $aA disturbance in the field$94487096 997 $aUNINA